[Event "La Paz Fundacion op"]
[Site "La Paz"]
[Date "2017.10.21"]
[Round "2"]
[White "Miranda, Luis"]
[Black "Suarez, Felix"]
[Result "0-1"]
[WhiteElo "2084"]
[BlackElo "1697"]
[PlyCount "126"]
[EventDate "2017.10.21"]
[EventType "swiss"]
[EventRounds "6"]
[EventCountry "BOL"]
[SourceTitle "CBM 181 Extra"]
[Source "ChessBase"]
[SourceDate "2017.12.12"]
[SourceVersion "1"]
[SourceVersionDate "2017.12.12"]
[SourceQuality "1"]

1. e4 e6 2. d3 d5 3. Nd2 Nf6 4. Ngf3 c5 5. g3 Be7 6. Bg2 b5 7. 0-0 a5 8. e5 Nfd7 9. Re1 Nc6 10. Nf1 Qb6 11. h4 h6 12. N1h2 Ba6 13. a3 b4 14. a4 Rb8 15. b3 Qc7 16. Bb2 Nb6 17. Bf1 Rd8 18. Qc1 Rd7 19. Qf4 Bd8 20. Rad1 Ne7 21. h5 Rg8 22. Bc1 Qc8 23. Be3 Rc7 24. g4 Bb7 25. Bg2 Qa8 26. Qg3 Rc8 27. d4 c4 28. Rd2 cxb3 29. cxb3 Rc3 30. Rb1 Ba6 31. Ne1 Qc8 32. Rdd1 Qd7 33. Qf4 Nec8 34. Bd2 Bg5 35. Qxg5 hxg5 36. Bxc3 bxc3 37. Rdc1 Qc7 38. Rc2 Qe7 39. Nhf3 Qb4 40. Bf1 Bxf1 41. Kxf1 Nxa4 42. Nd3 Qb5 43. Nfe1 Ncb6 44. Kg2 Ke7 45. Rcc1 c2 46. Rxc2 Rc8 47. Rxc8 Nxc8 48. Rc1 Nab6 49. Rc7+ Kf8 50. Nc5 Qb4 51. Nf3 Kg8 52. Nxg5 Qxd4 53. Nxf7 Qxg4+ 54. Kf1 Qxh5 55. Nd8 Qxe5 56. Ncxe6 g6 57. f4 Qa1+ 58. Kg2 Qb2+ 59. Kh1 Nd6 60. Nc6 Qc1+ 61. Kg2 Qd2+ 62. Kf3 Qd3+ 63. Kf2 Ne4+ 0-1